German/Austrian School Literature - Statistics

General Stats
  • This quiz has been taken 172 times
  • The average score is 7 of 15
Answer Stats
Hint Answer % Correct
The Metamorphosis Franz Kafka
89%
The Sorrows of Young Werther Johann Wolfgang Goethe
76%
Buddenbrooks Thomas Mann
76%
The Robbers Friedrich Schiller
66%
The Threepenny Opera Bertold Brecht
52%
Homo Faber Max Frisch
51%
The Flying Classroom Erich Kästner
45%
Nathan the Wise Gotthold Ephraim Lessing
43%
Woyzeck Georg Büchner
41%
Beneath the Wheel Hermann Hesse
37%
The Royal Game/Chess Stefan Zweig
28%
Reigen Arthur Schnitzler
24%
Der goldene Topf E.T.A. Hoffmann
20%
The Train was on Time Heinrich Böll
20%
The Age of the Fish Ödön von Horvath
5%
No matching quizzes found
Score Distribution
Percent of People with Each Score
Percentile by Number Answered
Your Score History
You have not taken this quiz